000 04851nam a2200493Ia 4500
003 CO-CtgCURN
005 20250409210219.0
008 190725s2007 xx g 000 0 und d
020 _a9789589446195
040 _aCO-CtgCURN
_bspa
_ccoctgcurn
082 _a610.73
_bA221
245 0 _aAdaptación y cuidado en el ser humano :
_buna visión de enfermería /
_ccoordinación., María del Carmen Gutiérrez Agudelo; autores., Alejandra María Alvarado García [y otros dieciocho, etc...]
260 _aBogotá, Colombia :
_bManual Moderno;
_bUniversidad de la Sabana,
_c2007
300 _a331 páginas :
_btablas ;
_c23 centímetros.
500 _aIncluye introducción e índices
504 _aIncluye referencias bibliográficas (p. 300-307)
505 _aCap. 1. El modelo de adaptación de Roy. Fundamentación histórica y filosófica -- Antecedentes históricos -- Bases filosóficas -- Supuestos para el siglo XXI -- Cap. 2. Proceso de afrontamiento y adaptación -- Modelo de adaptación de Callista Roy -- Aplicación en la practica de enfermería -- Conclusiones -- Análisis de una situación de enfermería -- Cap.3. Adaptación y cuidado en la gestión, el trabajo de parto y el posparto -- Etapa gestacional -- Proceso de afrontamiento -- Modos de adaptación -- Niveles de adaptación -- Etapa de trabajo de parto, parto y posparto -- proceso de afrontamiento -- Modos de adaptación -- Niveles de adaptación -- Análisis de una situación de enfermería I -- Análisis de una situación de enfermería II -- Cap. 4. Adaptación y cuidado en el recién nacido -- Riesgos en el recién nacido -- Procesos de afrontamiento: adaptación neonatal inmediata -- Niveles de adaptación -- Proceso de afrontamiento: adaptación neonatal a las 24 horas -- Cap. 5. Adaptación y cuidado en el niño lactante -- Aspectos generales de etapa de lactancia -- Proceso de afrontamiento -- Modos de adaptación -- Cap. 6. Adaptación y cuidado en el niño y el adolescente -- El preescolar -- El escolar -- El adolescente -- Cap. 7. Adaptación y cuidado en el adulto -- Etapa evolutiva y cambios fisiológico y psicosociales -- Proceso de afrontamiento -- Cap. 8. Adaptación y cuidado en el anciano sano -- La vejez -- Proceso de afrontamiento -- Modos de adaptación -- Cap. 9. Experiencias en la aplicación del modelo de adaptación en: docencia practica e investigación -- Aplicación del modelo de adaptación en la docencia -- Aplicación del modelo de adaptación en la investigación -- Aplicación del modelo de adaptación en los servicios de enfermería.
520 _aTeniendo como eje central el ser humano y como referencia el Modelo de Adaptación de Roy, esta nueva obra de la Facultad de Enfermería de la Universidad de La Sabana (Colombia) pretende enfatizar en los procesos de afrontamiento y de adaptación que la persona realiza para guardar el equilibrio en las diferentes etapas de su ciclo vital, y en ese contexto, la labor que ejecuta conjuntamente el profesional de enfermería para alcanzar dicha meta. La obra se inicia con los fundamentos históricos y filosóficos en que se basó la doctora Callista Roy para desarrollar su Modelo de Adaptación. Expone el proceso de afrontamiento y adaptación desde una visión cognitiva y luego entra a describirlos, etapa por etapa, desde la gestación hasta la ancianidad, ilustrándolos con experiencias obtenidas en la aplicación del Modelo de Adaptación, en la docencia, en la investigación y en algunos servicios de enfermería colombianos.
521 _aAREA PROFESIONAL
590 _aPrograma de Enfermería_27
650 _aEnfermería
_93263
700 _aGutiérrez Agudelo, María del Carmen
_93264
_ecoordinadora
700 _aAlvarado García, Alejandra María
_eautora
_93265
700 _aAntolínez Ruiz, Gloria Patricia
_eautora
700 _aCabrera González, Sylvia
_eautora
700 _aCarvajal Carrascal, Gloria
_eautora
700 _aCrespo Rodríguez, Osvaldo
_eautor
700 _aDíaz Suarez, Leticia
_eautora
700 _aGallego Beltrán, Gloria Patricia
_eautora
700 _aGómez Londoño, Elizabeth
_eautora
700 _aGonzález de Acuña, Yolanda Julia
_eautora
700 _aGutiérrez López, Carolina
_eautora
700 _aGutierrez Agudeloo, Maria del Carmen
_eautora
700 _aHernández Posada, Ángela Susana
_eautora
700 _aMonroy Rubiano, María Patricia
_eautora
700 _aMoreno Fergusson, María Elisa
_eautora
700 _aOspina Romero, Angélica María
_eautora
700 _aPérez Giraldo, Beatriz
_eautora
700 _aRoy, Callista
_eautora
700 _aVeloza Gómez, Mónica del Mar
_eautora
700 _aVenegas Bustos, Blanca Cecilia
_eautora
942 _cBK
_h610.73
_iA221
_2ddc
_03
999 _c30081
_d30081